| 000 | 00943nam a2200253 a 4500 | ||
|---|---|---|---|
| 001 | 83852 | ||
| 003 | BD-RjUL | ||
| 005 | 20240529134911.0 | ||
| 008 | 240529s2004 bg a|||| m||| 00| 0 eng d | ||
| 035 | _a(BD-RjUL)83852 | ||
| 040 |
_aBD-RjUL _beng _cBD-RjUL _dBD-RjUL |
||
| 041 | _aeng | ||
| 082 |
_223 _a597.52 _bHOE 2004 |
||
| 100 |
_aHossain, Quazi Zahangir _913232 |
||
| 245 | 1 | 0 |
_aEx Situ Breeding of Small Indigenous Fish Species / _cBy Quazi Zahangir Hossain ; _6Supervisor : M. Altaf Hossain, Co-Supervisor : Sefina Parween |
| 260 |
_aRajshahi : _bDepartment of Zoology, University of Rajshahi, _c2004 |
||
| 300 |
_axxi, 184 Leaves : _bill, ; _c29 cm. |
||
| 502 | _aThesis (Ph. D.) -- Department of Zoology, University of Rajshahi, 2004 | ||
| 504 | _aReferences : Leaves 164-184 | ||
| 650 |
_aIndigenous _vFish _913233 |
||
| 700 | _aHossain, M. Altaf, Supervisor | ||
| 700 |
_aParween, Sefina, Supervisor _913230 |
||
| 942 |
_2ddc _cTHE |
||
| 999 |
_c83852 _d83852 |
||